| Tag |
First Indicator |
Second Indicator |
Subfields |
| LEADER |
00000cam a22000008a 4500 |
| 001 |
in00001020105 |
| 005 |
20150928092520.0 |
| 008 |
901204s1991 nyu 10100 eng |
| 010 |
|
|
|a 90026573
|
| 020 |
|
|
|a 0312057350
|
| 035 |
|
|
|a (OCoLC)22908231
|
| 035 |
|
|
|9 AFE9639AM
|
| 040 |
|
|
|a DLC
|c DLC
|d TXA
|d UtOrBLW
|
| 043 |
|
|
|a ed-----
|
| 049 |
|
|
|a TXAM
|
| 050 |
0 |
0 |
|a HC401
|b .E27 1991
|
| 082 |
0 |
0 |
|a 338.9496
|2 20
|
| 245 |
0 |
0 |
|a Economic change in the Balkan states :
|b Albania, Bulgaria, Romania, and Yugoslavia /
|c edited by Örjan Sjöberg and Michael L. Wyzan.
|
| 263 |
|
|
|a 9105
|
| 264 |
|
1 |
|a New York :
|b St. Martin's Press,
|c 1991.
|
| 300 |
|
|
|a 173 pages
|
| 336 |
|
|
|a text
|b txt
|2 rdacontent
|
| 337 |
|
|
|a unmediated
|b n
|2 rdamedia
|
| 338 |
|
|
|a volume
|b nc
|2 rdacarrier
|
| 500 |
|
|
|a The result of a conference on economic change in the socialist Balkan countries, held June 12-13, 1990, at the Institute of Soviet and East European Economics, Stockholm School of Economics.
|
| 504 |
|
|
|a Includes bibliographical references and index.
|
| 651 |
|
0 |
|a Balkan Peninsula
|x Economic conditions
|x Congresses.
|
| 650 |
|
0 |
|a Socialism
|z Balkan Peninsula
|x Congresses.
|
| 700 |
1 |
|
|a Sjöberg, Örjan.
|
| 700 |
1 |
|
|a Wyzan, Michael Louis.
|
| 710 |
2 |
|
|a Handelshögskolan i Stockholm.
|b Östekonomiska institutet.
|
| 999 |
|
|
|a MARS
|
| 999 |
f |
f |
|s 90d4dad3-ec4c-3db2-9426-f21419360f8a
|i 55dc35ba-beeb-3673-80f3-43e85529d595
|t 0
|
| 952 |
f |
f |
|p ric
|a Texas A&M University
|b Rellis Campus
|c Joint Library Facility
|d Remote Storage
|t 0
|e HC401 .E27 1991
|h Library of Congress classification
|i unmediated -- volume
|m A14814995599
|
| 998 |
f |
f |
|a HC401 .E27 1991
|t 0
|l Remote Storage
|